Vývoj aktuátora z nylonového vlákna

Na minha lista:
Detalhes bibliográficos
Autor principal: Kmotorka, Roman (Author)
Outros Autores: Murín, Justín (Thesis advisor)
Formato: Manuscrito Livro
Idioma:eslovaco
Publicado em: 2019
Assuntos:
Acesso em linha:http://is.stuba.sk/zp/portal_zp.pl?podrobnosti=135075
Tags: Adicionar Tag
Sem tags, seja o primeiro a adicionar uma tag!

MARC

LEADER 00000ntm a22000003a 4500
001 stuzp71714
003 SK-STU
005 20190729122956.8
007 ta
008 150427s2015----xo-----f-mn---000-0-slo-d
040 |a STU  |b slo 
041 0 |a slo 
044 |a xo 
100 1 |a Kmotorka, Roman  |u 030400  |4 aut  |U FEI Fakulta elektrotechniky a informatiky  |T FEI Ústav automobilovej mechatroniky  |X 86117  |U E400  |Y 642  |7 86117 
242 0 1 |a Development of a nylon thread actuator  |y eng 
245 1 0 |a Vývoj aktuátora z nylonového vlákna 
260 |c 2019 
300 |a 73 s.,  |b CD-ROM 
650 4 |a aktuátor  |2 slo 
650 4 |a nylonové vlákno  |2 slo 
650 4 |a rybársky vlasec  |2 slo 
650 4 |a pružina  |2 slo 
650 4 |a nylon thread  |2 eng 
650 4 |a fishing line  |2 eng 
650 4 |a spring  |2 eng 
650 4 |a actuator  |2 eng 
700 1 |a Murín, Justín  |u 030400  |k Z1  |4 ths  |U FEI Fakulta elektrotechniky a informatiky  |T FEI Ústav automobilovej mechatroniky  |X 1830  |U E400  |Y 642  |7 A000001830 
856 4 |u http://is.stuba.sk/zp/portal_zp.pl?podrobnosti=135075 
996 |b 284ER02974  |c E*Bc- 2974  |l EE30  |s P  |a 0  |w stuzp71714_0001